|
|
|
|
| LEADER |
00000nam a2200000 a 4500 |
| 001 |
vtls001379528 |
| 003 |
SK-MaSNL |
| 005 |
20260301161339.0 |
| 008 |
240313s1999 xr a rb 0 cze |
| 020 |
|
|
|c 360,00
|
| 035 |
|
|
|a SNK000333503
|
| 040 |
|
|
|a SNK
|b slo
|c SNK
|e AACR2
|
| 044 |
|
|
|a xr
|c CZ
|
| 080 |
|
|
|a 929 Havel, V.
|2 1981
|
| 080 |
|
|
|a 32(437.1/.2)"1936/1999"
|2 1981
|
| 100 |
1 |
|
|a Keane, John
|4 aut
|9 524228
|
| 245 |
1 |
|
|a Václav Havel
|b politická tragédie v šesti dějstvích
|c John Keane ; [z anglického originálu přeložil Jiří Vaněk]
|
| 260 |
|
|
|a Praha
|b Volvox Globator
|c 1999
|
| 300 |
|
|
|a 428 s.
|c 21 cm
|
| 600 |
1 |
|
|a Havel, Václav,
|d 1936-2011
|2 SNK
|9 151003
|
| 651 |
|
7 |
|a Česko
|x politika
|y 1936-1999
|2 SNK
|9 524229
|
| 999 |
|
|
|c 809077
|d 811007
|
| 952 |
|
|
|t P60, <04>, [BOOK], {604}
|a SNK
|b SNK
|y VYP
|7 0
|p 17A0222435
|o snkIC 128262
|i snkK 1183/99
|0 0
|1 0
|4 0
|d 2000-06-26
|l 0
|r 2005-01-02 00:00:00
|w 2026-02-24
|